Legal aspects of HIV/AIDS <a> guide for policy and law reform

Salvato in:
Dettagli Bibliografici
Autore principale: Gable, Lance
Natura: Libro
Lingua:inglese
Pubblicazione: Washington, D.C. <The> World Bank 2007
Soggetti:
Tags: Aggiungi Tag
Nessun Tag, puoi essere il primo ad aggiungerne!!

MARC

LEADER 00000nam$a2200000$$$4500
001 0068589
005 20221207101142.7
020 |a 978-0-8213-7105-3 
041 0 |a eng 
044 |a US 
245 1 0 |a Legal aspects of HIV/AIDS  |b <a> guide for policy and law reform  |c Lance Gable ... [et al.] 
264 1 |a Washington, D.C.  |b <The> World Bank  |c 2007 
300 |a 225 s. 
610 2 0 |a chorobnosť 
610 2 0 |a zákony 
610 2 0 |a reformy 
610 2 0 |a zdravie 
610 2 0 |a politika 
610 2 0 |a prevencia 
610 2 0 |a diskriminácia 
610 2 0 |a miesta pracovné 
610 2 0 |a imigrácia 
610 2 0 |a kriminalita 
610 2 0 |a muži 
610 2 0 |a ženy 
610 2 0 |a deti 
610 2 0 |a informácie 
610 2 0 |a liečivá 
610 2 0 |a pomoc medzinárodná 
610 2 0 |a granty 
610 2 0 |a programy sociálne 
610 2 0 |a programy rozvojové 
610 2 0 |a HIV 
610 2 0 |a AIDS 
100 1 |a Gable, Lance